[Event "GER-chT U10"]
[Site "Magdeburg"]
[Date "2015.12.29"]
[Round "6.2"]
[White "Drees, Leon"]
[Black "Isensee, Lennart"]
[Result "1/2-1/2"]
[WhiteElo "1072"]
[BlackElo "924"]
[PlyCount "51"]
[EventDate "2015.12.27"]
[EventType "team-swiss"]
[EventRounds "7"]
[EventCountry "GER"]
[SourceTitle "EXT 2017"]
[Source "ChessBase"]
[SourceDate "2016.10.25"]
[SourceVersion "1"]
[SourceVersionDate "2016.10.25"]
[SourceQuality "1"]
[WhiteTeam "Werther"]
[BlackTeam "Hettstedt"]
[WhiteTeamCountry "GER"]
[BlackTeamCountry "GER"]

1. e4 e5 2. f4 d6 3. Nf3 exf4 4. d3 Nc6 5. c3 Bg4 6. Bxf4 Nf6 7. Be2 d5 8. e5 Nd7 9. d4 Nb6 10. Nbd2 Be7 11. h3 Bxf3 12. Nxf3 0-0 13. 0-0 f6 14. Qc2 f5 15. Bd3 g6 16. Bh6 Rf7 17. b3 Bf8 18. Bxf8 Rxf8 19. c4 Qd7 20. c5 Nc8 21. Ng5 Nxd4 22. Qf2 Ne6 23. Nxe6 Qxe6 24. Rae1 Ne7 25. Qg3 c6 26. Rf2 1/2-1/2